000 00496nam a2200169 i 4500
001 101253
003 ES-MaACL
005 20250930063108.0
007 t|
008 051017s1911 gw ||||1| ger d
100 1 _aMayer, August Liebmann,
_d1885-1944
_979345
245 1 4 _aDie Sevillaner Malerschule /
_cvon August L. Mayer.
260 _aLeipzig :
_bKlinkhardt & Biermann,
_c1911.
300 _a226 p., 60 lám. ;
_c29 cm.
852 _aES-MaACL
_jC-2518
999 _c101253
_d101253